<?xml version="1.0" encoding="UTF-8"?>
<record
    xmlns:xsi="http://www.w3.org/2001/XMLSchema-instance"
    xsi:schemaLocation="http://www.loc.gov/MARC21/slim http://www.loc.gov/standards/marcxml/schema/MARC21slim.xsd"
    xmlns="http://www.loc.gov/MARC21/slim">

  <leader>01470    a2200229   4500</leader>
  <controlfield tag="003">NUST</controlfield>
  <controlfield tag="005">20221121133149.0</controlfield>
  <datafield tag="010" ind1=" " ind2=" ">
    <subfield code="a">   97019521</subfield>
  </datafield>
  <datafield tag="020" ind1=" " ind2=" ">
    <subfield code="a">013263807X</subfield>
  </datafield>
  <datafield tag="040" ind1=" " ind2=" ">
    <subfield code="c">Nust</subfield>
  </datafield>
  <datafield tag="082" ind1="0" ind2="0">
    <subfield code="a">515.353,HAB</subfield>
  </datafield>
  <datafield tag="100" ind1="1" ind2=" ">
    <subfield code="a">Haberman, Richard,</subfield>
    <subfield code="9">103270</subfield>
  </datafield>
  <datafield tag="245" ind1="1" ind2="0">
    <subfield code="a">Elementary applied partial differential equations :</subfield>
    <subfield code="b">with Fourier series and boundary value problems /</subfield>
    <subfield code="c">Richard Haberman.</subfield>
  </datafield>
  <datafield tag="250" ind1=" " ind2=" ">
    <subfield code="a">3rd ed.</subfield>
  </datafield>
  <datafield tag="260" ind1=" " ind2=" ">
    <subfield code="a">Upper Saddle River, NJ :</subfield>
    <subfield code="b">Prentice Hall,</subfield>
    <subfield code="c">c1998.</subfield>
  </datafield>
  <datafield tag="300" ind1=" " ind2=" ">
    <subfield code="a">xiv, 736 p. :</subfield>
    <subfield code="b">ill. ;</subfield>
    <subfield code="c">25 cm.</subfield>
  </datafield>
  <datafield tag="505" ind1=" " ind2=" ">
    <subfield code="a">Heat Equation (Page-1), Methods of Separation of Variables (Page-32), Fourier Seres (Page-86), Vibrating Strings and Membranes (Page-130), Sturm-Liouville Eigenvalue Problems (Page-151),An Elementary Discussion of Finite Difference Numerical Methods (Page-215), Partial Differntial Equations with At Least Indepedent  (Page-266),Nonhomogeneous Problems (Page-337), Green'n Functions for Time-Independent Problems (Page-370), Infinite Domain Problems -Fourier Transform Solutions of Partial (Page-434),Green' s Functions for Time - Dependent Problems (Page-495), The Method of Characteristics for Linear and Quasi-Linear Wave Equations (Page-525), Brief Introduction to Laplace Transform Solutio of Partial Diferential Equationns (Page-568), Topics (Page-598),</subfield>
  </datafield>
  <datafield tag="650" ind1=" " ind2="0">
    <subfield code="a">Boundary value problems.</subfield>
    <subfield code="9">689</subfield>
  </datafield>
  <datafield tag="650" ind1=" " ind2="0">
    <subfield code="a">Differential equations, Partial.</subfield>
  </datafield>
  <datafield tag="650" ind1=" " ind2="0">
    <subfield code="a">Fourier series.</subfield>
    <subfield code="9">39035</subfield>
  </datafield>
  <datafield tag="942" ind1=" " ind2=" ">
    <subfield code="c">BK</subfield>
    <subfield code="2">ddc</subfield>
    <subfield code="k">515.353,HAB</subfield>
  </datafield>
  <datafield tag="999" ind1=" " ind2=" ">
    <subfield code="c">175347</subfield>
    <subfield code="d">175347</subfield>
  </datafield>
  <datafield tag="952" ind1=" " ind2=" ">
    <subfield code="0">0</subfield>
    <subfield code="1">0</subfield>
    <subfield code="2">ddc</subfield>
    <subfield code="4">0</subfield>
    <subfield code="7">0</subfield>
    <subfield code="a">MCS</subfield>
    <subfield code="b">MCS</subfield>
    <subfield code="c">GEN</subfield>
    <subfield code="d">2016-12-12</subfield>
    <subfield code="o">515.353,HAB</subfield>
    <subfield code="p">MCS26743</subfield>
    <subfield code="r">2016-12-08</subfield>
    <subfield code="w">2016-12-12</subfield>
    <subfield code="y">BK</subfield>
    <subfield code="z">Almirah No.13, Shelf No.5</subfield>
  </datafield>
</record>
